00426 2200169 4500001002100000005001500021035002000036245004100056100001300097250001700110300003200127260003500159082001000194084001600204020002200220650001400242INLIS00000000000042320240629122315 a0010-06240001321 aBerkreasi Dengan Sedotan /cAde Yeti0 aAde Yeti acetakan ke-1 avi, 65 hlm :bilus ;c21 cm aJakarta :bGaneca Exact,c2007 a745.5 a745.5 ADE b a978-979-571-455-2 4aKerajinan